000 00275nam a2200121 i 4500
001 bg
245 0 _aVycislitel'naja i prikladnaja matematika. Vyp.15.
260 _aKiev,
_c1971.
040 _cBPK
041 _apol
942 _cKS
008 s pl f |000 0 pol
999 _c7310
_d7310